Cliquez pour traduire - Néerlandais - Statistiques

Statistiques générales
  • Ce quiz a été pris 79 fois
  • Le résultat moyen est 17 sur 20
Statistiques - réponses
Hint Réponse % Correct
Framboise Framboos
97%
Bibliothèque Bibliotheek
95%
Vacances Vakantie
95%
Mère Moeder
91%
Sous-marin Onderzeeër
91%
Œuf Ei
89%
Salle de bain Badkamer
88%
Mardi Dinsdag
88%
Année Jaar
86%
Soleil Zon
86%
Neuf Negen
84%
Usine Fabriek
83%
Chapeau Hoed
83%
Rien Niets
83%
Noir Zwart
83%
Fromage Kaas
78%
Hôpital Ziekenhuit
73%
Visage Gezicht
72%
Hier Gisteren
72%
Porc Varken
72%
Aucun quiz correspondant
Distribution des résultats
% des personnes avec chaque résultat
Percentile par nombre de réponses
Votre historique - résultats
Vous n’avez pas pris ce quiz